| 000 | 01260nam a2200313 i 4500 | ||
|---|---|---|---|
| 001 | bg | ||
| 003 | BPK | ||
| 005 | 20210318151202.0 | ||
| 008 | 061009s2006 pl a f |101 0 eng | ||
| 015 | _aPB 2006/24717 | ||
| 020 | _a8388492624 | ||
| 040 |
_aWA N _cBPK |
||
| 080 | _a681.5:004:621.38 | ||
| 080 | _a(06) | ||
| 111 | 2 |
_aMSM '2006 _n(2 ; _d2006 ; _cKraków). |
|
| 245 | 1 | 0 |
_aMechatronic systems and materials MSM' 2006 : _b2nd International Conference, 31 August-3 September 2006 Cracow, Poland : abstracts / _c[kom. red. Maksymilian Gajek et al.]. |
| 246 | 3 | 0 | _aMSM' 2006. |
| 246 | 3 | 0 | _a2nd International conference Mechatronic systems and materials. |
| 246 | 3 | 0 | _aInternational conference Mechatronic systems and materials, 2. |
| 260 |
_aOpole : _bOficyna Wydawnicza Politechniki Opolskiej, _c[2006]. |
||
| 300 |
_a97 s. : _bil. ; _c30 cm. |
||
| 504 | _aBibliogr. przy streszcz. Indeks. | ||
| 650 | 4 | _aMechatronika | |
| 655 | 4 | _aMateriały konferencyjne | |
| 710 | 2 |
_a Politechnika Opolska. _bOficyna Wydawnicza _4pbl. |
|
| 700 | 1 |
_aGajek, Maksymilian _d(1944- ) _eRedakcja |
|
| 856 |
_uhttp://koha.tu.koszalin.pl/cgi-bin/koha/opac-detail.pl?biblionumber=53207 _yKatalog online BPK |
||
| 942 |
_2UKD _cKS |
||
| 999 |
_c53207 _d53207 |
||